| 000 | 00412cam a2200169ua 4500 | ||
|---|---|---|---|
| 020 | _c12.00 | ||
| 041 |
_aeng _h |
||
| 082 |
_a604.2 _bALL/BA |
||
| 100 | _aAllan, Sierp . | ||
| 245 |
_aBasic course in technical drawing / _cAllan Sierp. _hTextual Documents |
||
| 260 |
_a : _bAngus and Robertson , _c1963. |
||
| 300 | _a131 ; . | ||
| 365 | _a12.00 | ||
| 504 | _a | ||
| 942 | _cBK | ||
| 999 |
_c1911 _d1911 |
||